| 000 | 01127nam a2200253 a 4500 | ||
|---|---|---|---|
| 001 | BRCA_8346 | ||
| 005 | 20190320210236.0 | ||
| 008 | 150714m19471949sp-acb#f##---#001-0#spa-# | ||
| 041 | _aspa | ||
| 044 | _asp | ||
| 050 | 4 |
_aNK4123 _b.A77 1947 |
|
| 245 | 1 | 0 |
_aArs Hispaniae _bHistoria Universal del Arte Hispánico. |
| 260 |
_aMadrid _bPlus-Ultra _c1947-1949 |
||
| 300 |
_a3 v. _bil., láminas, mapas _c28 cm. |
||
| 500 | _aLos tres volúmenes incluyen índice de ilustraciones, índice geográfico y bibliografía | ||
| 500 | _aTres ejemplares consecutivos inventariados como un solo libro por el Banco de México | ||
| 500 | _aR74 | ||
| 505 | 0 | _av.2 Arte Romano / Blas Taracena ; Arte Paleocristiano / Pedro Batlle Huguet ; Arte Visigodo. Arte Asturiano / Helmut Schlunk.-- v.4 Arte Almohade. Arte Nazarí. Arte Mudéjar / Leopoldo Torres Balbás.-- v.5 Arquitectura y escultura románicas / José Gudiol Ricart y Juan Antonio Gaya Nuño | |
| 650 | 1 | 4 |
_aArte español _xHistoria _920891 |
| 650 | 1 | 4 |
_aArte español _vEnciclopedias _920892 |
| 651 | 4 |
_aEspaña _xHistoria del arte _920893 |
|
| 902 | _aGFM | ||
| 942 |
_2lcc _cB |
||
| 999 |
_c8014 _d8014 |
||